<?xml version="1.0" encoding="UTF-8"?>
<marc:record xmlns:marc="http://www.loc.gov/MARC21/slim">
   <marc:leader>00000nam a2200000 a 4500</marc:leader>
   <marc:datafield ind1=" " ind2=" " tag="653">
      <marc:subfield code="a">Musik</marc:subfield>
   </marc:datafield>
   <marc:datafield ind1=" " ind2=" " tag="653">
      <marc:subfield code="a">Musiktheorie</marc:subfield>
   </marc:datafield>
   <marc:datafield ind1=" " ind2=" " tag="653">
      <marc:subfield code="a">Softcover / Sachbücher/Musik</marc:subfield>
   </marc:datafield>
   <marc:datafield ind1=" " ind2=" " tag="653">
      <marc:subfield code="a">Film</marc:subfield>
   </marc:datafield>
   <marc:datafield ind1=" " ind2=" " tag="653">
      <marc:subfield code="a">Theater</marc:subfield>
   </marc:datafield>
   <marc:datafield ind1="0" ind2="0" tag="245">
      <marc:subfield code="a">Musiktheorie für Dummies</marc:subfield>
   </marc:datafield>
   <marc:datafield ind1="0" ind2="0" tag="245">
      <marc:subfield code="c">Michael Pilhofer und Holly Day. Übers. aus dem Amerikan. Oliver Fehn</marc:subfield>
   </marc:datafield>
   <marc:datafield ind1=" " ind2="1" tag="264">
      <marc:subfield code="a">Weinheim</marc:subfield>
      <marc:subfield code="b">Wiley-VCH</marc:subfield>
      <marc:subfield code="c">2012</marc:subfield>
   </marc:datafield>
   <marc:datafield ind1=" " ind2=" " tag="250">
      <marc:subfield code="a">1. Aufl.</marc:subfield>
   </marc:datafield>
   <marc:datafield ind1="1" ind2=" " tag="520">
      <marc:subfield code="a">Angaben aus der Verlagsmeldung

Musiktheorie für Dummies / von Michael Pilhofer, Holly Day

Viele Musiker - ob Anfänger oder Fortgeschrittene - empfinden Musiktheorie als abschreckend und fragen sich: "Wozu das Ganze?" Die Antwort ist einfach: Schon ein wenig Grundwissen über Musiktheorie, hilft Ihnen, Ihre Bandbreite als Musiker enorm zu vergrößern. Michael Pilhofer und Holly Day erklären Ihnen leicht verständlich alles Wichtige, was Sie über Musiktheorie wissen müssen - vom Lesen von Noten bis zum Komponieren eigener Songs. Sie erfahren alles über Rhythmus, Tempo, Dynamik und Co., lernen, wie Tonleitern und Akkordfolgen aufgebaut sind, wie Sie vorgehen müssen, um einer Melodie auch Harmonie zu verleihen und vieles mehr. Wenn Sie dachten, Musiktheorie sei trocken, dürfte dieses Buch eine angenehme Überraschung für Sie sein.
</marc:subfield>
   </marc:datafield>
   <marc:datafield ind1=" " ind2=" " tag="020">
      <marc:subfield code="a">9783527708703</marc:subfield>
      <marc:subfield code="9">9783527708703</marc:subfield>
   </marc:datafield>
   <marc:datafield ind1=" " ind2=" " tag="041">
      <marc:subfield code="a">ger</marc:subfield>
   </marc:datafield>
   <marc:datafield ind1=" " ind2=" " tag="300">
      <marc:subfield code="a">279 S.</marc:subfield>
   </marc:datafield>
</marc:record>
